Алгоритм распараллеливания обработки цифрового видеопотока; Известия Томского политехнического университета [Известия ТПУ]; Т. 316, № 5: Управление, вычислительная техника и информатика
| Parent link: | Известия Томского политехнического университета [Известия ТПУ]/ Томский политехнический университет (ТПУ).— , 2000- Т. 316, № 5: Управление, вычислительная техника и информатика.— 2010.— [С. 90-94] |
|---|---|
| 1. autor: | |
| Streszczenie: | Заглавие с титульного листа Электронная версия печатной публикации Предложен новый алгоритм декодирования цифрового видеопотока, в котором использовано распараллеливание вычислений в сочетании с синхронизацией реконструкции опорных и предсказанных блоков видеоинформации. Алгоритм в два раза производительнее существующих аналогов для видеопотоков стандартного разрешения и на треть для видеопотоков высокой четкости. |
| Język: | rosyjski |
| Wydane: |
2010
|
| Seria: | Управление, вычислительная техника и информатика |
| Hasła przedmiotowe: | |
| Dostęp online: | http://www.lib.tpu.ru/fulltext/v/Bulletin_TPU/2010/v316/i5/17.pdf |
| Format: | MixedMaterials Elektroniczne Rozdział |
| KOHA link: | https://koha.lib.tpu.ru/cgi-bin/koha/opac-detail.pl?biblionumber=187139 |
MARC
| LEADER | 00000nla2a2200000 4500 | ||
|---|---|---|---|
| 001 | 187139 | ||
| 005 | 20231031173915.0 | ||
| 035 | |a (RuTPU)RU\TPU\book\203063 | ||
| 035 | |a RU\TPU\book\203060 | ||
| 090 | |a 187139 | ||
| 100 | |a 20101111d2010 k y0rusy50 ca | ||
| 101 | 0 | |a rus | |
| 102 | |a RU | ||
| 135 | |a drnn ---uucaa | ||
| 181 | 0 | |a i | |
| 182 | 0 | |a b | |
| 200 | 1 | |a Алгоритм распараллеливания обработки цифрового видеопотока |b Электронный ресурс |f А. М. Кох | |
| 203 | |a Текст |c электронный | ||
| 215 | |a 1 файл (222 Кб) | ||
| 225 | 1 | |a Управление, вычислительная техника и информатика | |
| 230 | |a Электронные текстовые данные (1 файл : 222 Кб) | ||
| 300 | |a Заглавие с титульного листа | ||
| 300 | |a Электронная версия печатной публикации | ||
| 320 | |a [Библиогр.: с. 94 (4 назв.)] | ||
| 330 | |a Предложен новый алгоритм декодирования цифрового видеопотока, в котором использовано распараллеливание вычислений в сочетании с синхронизацией реконструкции опорных и предсказанных блоков видеоинформации. Алгоритм в два раза производительнее существующих аналогов для видеопотоков стандартного разрешения и на треть для видеопотоков высокой четкости. | ||
| 337 | |a Adobe Reader | ||
| 461 | 1 | |0 (RuTPU)RU\TPU\book\176237 |t Известия Томского политехнического университета [Известия ТПУ] |f Томский политехнический университет (ТПУ) |d 2000- | |
| 463 | 1 | |0 (RuTPU)RU\TPU\book\202417 |x 1684-8519 |t Т. 316, № 5: Управление, вычислительная техника и информатика |v [С. 90-94] |d 2010 |p 192 с. | |
| 610 | 1 | |a цифровое видео | |
| 610 | 1 | |a параллельные алгоритмы | |
| 610 | 1 | |a движение | |
| 610 | 1 | |a компенсация | |
| 610 | 1 | |a синхронизация | |
| 610 | 1 | |a MPEG | |
| 610 | 1 | |a VC-1 | |
| 610 | 1 | |a электронный ресурс | |
| 700 | 1 | |a Кох |b А. М. | |
| 801 | 1 | |a RU |b 63413507 |c 20090623 |g PSBO | |
| 801 | 2 | |a RU |b 63413507 |c 20211222 |g PSBO | |
| 856 | 4 | |u http://www.lib.tpu.ru/fulltext/v/Bulletin_TPU/2010/v316/i5/17.pdf | |
| 942 | |c CF | ||